[Event "Grand Prix Pyramides FFE Open"]
[Site "Le Port-Marly FRA"]
[Date "2012.01.07"]
[Round "6.1"]
[White "Istratescu,A"]
[Black "Edouard,R"]
[Result "1/2-1/2"]
[WhiteElo "2628"]
[BlackElo "2616"]

1.e4 c5 2.Nf3 d6 3.Bb5+ Bd7 4.Bxd7+ Qxd7 5.O-O Nf6 6.Qe2 Nc6 7.c3 e6 8.d4 cxd4
9.cxd4 d5 10.e5 Ne4 11.Nbd2 Nxd2 12.Bxd2 Be7 13.Rfc1 O-O 14.g3  1/2-1/2

[Event "4th Chennai Open"]
[Site "Chennai IND"]
[Date "2012.01.08"]
[Round "7"]
[White "Yu Ruiyuan"]
[Black "Oleksienko,M"]
[Result "1-0"]
[WhiteElo "2491"]
[BlackElo "2563"]

1.e4 c5 2.Nf3 d6 3.Bb5+ Nd7 4.d4 a6 5.Bxd7+ Bxd7 6.O-O cxd4 7.Qxd4 Bg4 8.Qd3 Nf6
9.Bg5 e6 10.c4 Be7 11.Nc3 O-O 12.Nd4 h6 13.Bh4 g5 14.Bg3 Bh5 15.Nde2 Qb6
16.Kh1 Rfd8 17.f4 Qxb2 18.Rab1 Qa3 19.Rb3 Qc5 20.Rxb7 Rd7 21.Bf2 Qa5 22.Rb2 Rc8
23.Bd4 Bxe2 24.Nxe2 gxf4 25.Nxf4 e5 26.Bb6 Qa4 27.Nd5 Nxd5 28.cxd5 Bg5 29.Qf3 Rb8
30.Qg4 Kh8 31.h4 Bf4 32.Rxf4  1-0

[Event "Grand Prix Pyramides FFE KO"]
[Site "Le Port-Marly FRA"]
[Date "2012.01.08"]
[Round "1.2"]
[White "Vachier Lagrave,M"]
[Black "Gharamian,T"]
[Result "1/2-1/2"]
[WhiteElo "2699"]
[BlackElo "2676"]

1.e4 c5 2.Nf3 d6 3.Bb5+ Nd7 4.d4 cxd4 5.Qxd4 a6 6.Bxd7+ Bxd7 7.O-O Rc8 8.Nc3 e5
9.Qd3 h6 10.Nd2 Nf6 11.Nc4 Qc7 12.Ne3 Be6 13.Bd2 Be7 14.Rac1 O-O 15.Ncd5 Bxd5
16.Nxd5 Nxd5 17.Qxd5 Qc6 18.c4 Qxd5 19.cxd5 Bg5 20.Bxg5 hxg5 21.f3 f6 22.Kf2 Kf7
23.Ke3 Ke7 24.Kd2 Kd7 25.h3 g6 26.Rxc8 Rxc8 27.Rc1 Rf8 28.Rc3 f5 29.Rb3 Kc7
30.Rc3+ Kd7 31.Rb3 Kc7 32.Rc3+ Kb8 33.Rc4 Rh8 34.Ke3 Rh7 35.Rc1 Rh4 36.Rc4 Rh7
37.Rc1 Rf7 38.Rc4 Rd7 39.Rc2 Rh7 40.Rc1 Rh8 41.Rc2 Rf8 42.Rc4 Rf7 43.Rc2 fxe4
44.fxe4 Rf4 45.Rf2 Kc7 46.Rxf4 gxf4+ 47.Kd3 Kb6 48.Kc3 Kc5 49.b4+ Kb5 50.Kb3 a5
51.a4+ Ka6 52.h4 b5 53.axb5+ Kxb5 54.bxa5 Kxa5 55.Ka3 Kb5 56.Kb3 Kc5 57.Kc3  1/2-1/2

[Event "72nd ch-ARM"]
[Site "Yerevan ARM"]
[Date "2012.01.11"]
[Round "1"]
[White "Grigoryan,Av"]
[Black "Andriasian,Z"]
[Result "1/2-1/2"]
[WhiteElo "2621"]
[BlackElo "2624"]

1.e4 c5 2.Nf3 d6 3.Bb5+ Bd7 4.Bxd7+ Qxd7 5.O-O Nf6 6.Qe2 Nc6 7.c3 Qg4 8.d3 Ne5
9.Nbd2 Nh5 10.d4 Nf4 11.Qb5+ Kd8 12.Ne1 Ned3 13.f3 Qg5 14.Nb3 Ne2+ 15.Kh1 Ndxc1
16.f4 Qh4 17.Nf3 Ng3+ 18.Kg1 Nge2+ 19.Kh1 Ng3+ 20.Kg1 Nge2+  1/2-1/2

[Event "20th Fajr Open"]
[Site "Tabriz IRI"]
[Date "2012.01.13"]
[Round "3.8"]
[White "Aryanejad,H"]
[Black "Darini,P"]
[Result "0-1"]
[WhiteElo "2234"]
[BlackElo "2458"]

1.e4 c5 2.Nf3 d6 3.Bb5+ Nd7 4.O-O a6 5.Bc4 Ngf6 6.Re1 b5 7.Bf1 Bb7 8.d3 g6
9.Bg5 Bg7 10.Qc1 O-O 11.Bh6 e5 12.Nc3 Re8 13.Bxg7 Kxg7 14.g3 Rc8 15.Nd2 Nb6
16.a4 Qd7 17.axb5 axb5 18.b3 h5 19.f3 h4 20.g4 d5 21.Bh3 dxe4 22.Ncxe4 Nfd5
23.Bf1 f5 24.Nf2 Nf4 25.Qb2 Qd4 26.c3 Qd6 27.c4 b4 28.Ra7 Rc7 29.h3 Ree7
30.Be2 Nd7 31.Bf1 Nb8 32.Raa1 Nc6 33.Re3 Nd4 34.Bg2 Qf6 35.Kf1 Qg5 36.Rae1 Nxg2
37.Kxg2 Qf4 38.Nde4  0-1

[Event "TCh-CZE Liga1 Vychod"]
[Site "Czech Rep CZE"]
[Date "2012.01.15"]
[Round "6"]
[White "Olsarova,K"]
[Black "Jedlicka,A"]
[Result "1-0"]
[WhiteElo "2176"]
[BlackElo "2262"]

1.e4 c5 2.Nf3 d6 3.Bb5+ Bd7 4.Bxd7+ Qxd7 5.c4 Nf6 6.Nc3 g6 7.d4 cxd4 8.Nxd4 Bg7
9.f3 O-O 10.Be3 Nc6 11.O-O a6 12.a4 Rac8 13.b3 e6 14.Rc1 Rfd8 15.Nde2 Qe7
16.Qd2 Nd7 17.Rfd1 Nc5 18.Rb1 Nb4 19.Nf4 Qc7 20.Nce2 Qa5 21.Nc1 Nc6 22.Qxa5 Nxa5
23.Bf2 Nc6 24.Nce2 g5 25.Nd3 Nxd3 26.Rxd3 Nb4 27.Rd2 Be5 28.Rbd1 Nc6 29.Be3 h6
30.g3 Kf8 31.f4 gxf4 32.gxf4 Bf6 33.Bb6 Re8 34.Rxd6 Nb8 35.R6d3 Be7 36.Ng3 Bc5+
37.Bxc5+ Rxc5 38.e5 b5 39.axb5 axb5 40.Ne4 Rc7 41.cxb5 Rc2 42.Nf6  1-0

[Event "TCh-CZE Liga1 Vychod"]
[Site "Czech Rep CZE"]
[Date "2012.01.15"]
[Round "6"]
[White "Neoral,A"]
[Black "Ruzicka,P"]
[Result "1/2-1/2"]
[WhiteElo "2150"]
[BlackElo "2264"]

1.e4 c5 2.Nf3 d6 3.Bb5+ Bd7 4.Bxd7+ Qxd7 5.O-O g6 6.c4 Bg7 7.d4 cxd4 8.Nxd4 Nf6
9.f3 O-O 10.Nc3 Rc8 11.b3 d5 12.exd5 Nxd5 13.Nxd5 e6 14.Bh6 exd5 15.Bxg7 Kxg7
16.Rc1 dxc4 17.bxc4 Rd8 18.Nb5 Qe7 19.Qb3 Qc5+ 20.Kh1 Nd7 21.Nc3 Qb6 22.Qc2 Nf6
23.Rb1 Qd4 24.Qb2 Qd2 25.Qxd2 Rxd2 26.Rxb7 Rc2 27.Ne4 Rd8 28.Nxf6 Kxf6 29.Rxa7 Rdd2
30.Rg1 Rxc4 31.h3 Rcc2 32.a4 Ra2 33.Kh2 h5 34.h4 Rd4 35.Kg3 Raxa4 36.Rxa4 Rxa4
37.Rb1  1/2-1/2

[Event "TCh-CZE Liga 1 Zapad"]
[Site "Czech Rep CZE"]
[Date "2012.01.15"]
[Round "6.7"]
[White "Boukal,P"]
[Black "Oresky,J"]
[Result "1-0"]
[WhiteElo "2207"]
[BlackElo "2227"]

1.e4 c5 2.Nf3 d6 3.Bb5+ Nc6 4.O-O Nf6 5.Re1 Bd7 6.c3 a6 7.Ba4 b5 8.Bc2 e6
9.d3 Be7 10.Nbd2 h6 11.Nf1 Rc8 12.h3 Nh7 13.N3h2 e5 14.Ne3 O-O 15.Nhf1 Re8
16.Ng3 Bg5 17.Ngf5 Be6 18.Bb3 Nf8 19.Bxe6 fxe6 20.Ng3 Rc7 21.Ngf1 Rf7 22.g3 d5
23.Ng2 d4 24.Bxg5 Qxg5 25.a3 Rd8 26.Qc2 Rfd7 27.c4 Qe7 28.Rac1 b4 29.a4 b3
30.Qxb3 Rb8 31.Qc2 Rdb7 32.Rb1 Nb4 33.Qe2 Na2 34.Qc2 Qd7 35.Nh4 Rb4 36.Nf3 Qb7
37.Nxe5 Nc3 38.bxc3 Rxb1 39.Rxb1 Qxb1 40.Qxb1 Rxb1 41.cxd4 cxd4 42.c5 Rc1
43.c6 Rc5 44.f4 g5 45.Nd2 Kh7 46.Nb3 Rc3 47.f5 exf5 48.exf5 Rc2 49.Nc4  1-0

[Event "4NCL 2011-12"]
[Site "Hinckley ENG"]
[Date "2012.01.15"]
[Round "4.76"]
[White "Naylor,J"]
[Black "Eckersley Waites,A"]
[Result "0-1"]
[WhiteElo "2174"]
[BlackElo "2231"]

1.e4 c5 2.Nf3 d6 3.Bb5+ Bd7 4.Bxd7+ Qxd7 5.O-O Nf6 6.Qe2 Nc6 7.c3 e6 8.d4 cxd4
9.cxd4 d5 10.e5 Ne4 11.Nc3 Nxc3 12.bxc3 Be7 13.Ng5 h6 14.Nh3 O-O-O 15.a4 Na5
16.Ba3 Bxa3 17.Rxa3 Nc4 18.Raa1 b6 19.Nf4 Qc6 20.Rfb1 Kd7 21.Rb5 Rc8 22.Qg4 Kc7
23.Qxg7 Kb8 24.g3 Nd2 25.Ra3 Qc4  0-1

[Event "78th ch-BLR 2012"]
[Site "Minsk BLR"]
[Date "2012.01.15"]
[Round "4.4"]
[White "Grib,R"]
[Black "Zhigalko,S"]
[Result "0-1"]
[WhiteElo "2303"]
[BlackElo "2658"]

1.e4 c5 2.Nf3 d6 3.Bb5+ Nc6 4.O-O Bd7 5.Re1 Nf6 6.c3 a6 7.Bf1 Bg4 8.d3 e6
9.Nbd2 Be7 10.Be2 O-O 11.Nf1 d5 12.Ng3 dxe4 13.dxe4 Qc7 14.Be3 Nh5 15.Qc1 Bd6
16.e5 Nxg3 17.hxg3 Be7 18.Bf4 Rad8 19.Bf1 Rd5 20.Bc4 Rd7 21.Nh2 Bf5 22.Qe3 Rfd8
23.Be2 b5 24.a4 c4 25.axb5 axb5 26.g4 Bc2 27.Nf3 Rd5 28.Qc1 Bb3 29.Nd2 Nxe5
30.Nxb3 cxb3 31.Bd1 Bc5 32.Bxb3 Bxf2+ 33.Kxf2 Nd3+ 34.Kf1 Nxc1 35.Bxc7 Nxb3
36.Bxd8 Nxa1 37.Rxa1 Rxd8 38.Ra5 Rb8 39.Kf2 f5 40.gxf5 exf5 41.Ke3 g5 42.Kd4 h6
43.g3 Kg7 44.Ke5 f4 45.gxf4 Re8+ 46.Kf5 Rf8+ 47.Kg4 Rxf4+ 48.Kg3 b4 49.Rc5 Kg6
50.Rc6+ Rf6 51.Rc8 bxc3 52.bxc3 Rd6 53.c4 Rd3+ 54.Kg2 h5 55.c5 Rc3 56.c6 Kf5
57.c7 Kg4 58.Kf2 h4 59.Ke2 h3 60.Kd2 Rc6 61.Ke3 h2 62.Rh8 Kg3 63.c8=Q Rxc8  0-1

[Event "Queenstown Classic"]
[Site "Queenstown NZL"]
[Date "2012.01.15"]
[Round "1.48"]
[White "Andersson,C"]
[Black "Li,William  Xiang Wei"]
[Result "1/2-1/2"]
[WhiteElo "2123"]
[BlackElo "1672"]

1.e4 c5 2.Nf3 d6 3.Bb5+ Bd7 4.Bxd7+ Nxd7 5.d4 cxd4 6.Qxd4 Ngf6 7.O-O g6 8.Nc3 Bg7
9.Bg5 O-O 10.Rad1 Qc7 11.Qd2 a6 12.Rfe1 Rfe8 13.h3 Rac8 14.Nd4 b5 15.a3 Nb6
16.Qe2 Nfd7 17.Bc1 Ne5 18.Nb1 Nc6 19.c3 Qb7 20.f4 e6 21.Be3 Nc4 22.Bf2 Rcd8
23.b3 Nb6 24.Qf3 Nd7 25.e5 d5 26.Nd2 Rc8 27.b4 Nb6 28.N2b3 Na4 29.Rc1 Qd7
30.Nxc6 Rxc6 31.Bd4 Rec8 32.Nc5 Nxc5 33.Bxc5 Bf8 34.Bd4 Be7 35.g4 Bd8 36.Red1 Bb6
37.Bxb6 Rxb6 38.Kh2 Rbc6 39.h4 Qc7 40.Rd3 Rc4 41.Qe3 Re4 42.Qd2 Qc4 43.Rf1 Qb3
44.f5 Rxg4 45.fxe6 fxe6 46.Qf2 Qc4 47.Rh3 Qc7 48.Qf6 Re8 49.Rhf3 Qe7 50.h5 Rh4+
51.Rh3 Qxf6 52.Rxf6 Rxh3+ 53.Kxh3 Rc8 54.hxg6 Rxc3+ 55.Kg4 hxg6 56.Rxe6 Rxa3
57.Rxg6+ Kf7 58.Rd6 Ra4 59.Kf5 Rxb4 60.Rxa6 Rb1 61.Ra7+ Kf8 62.Rd7 Rd1 63.Kf6 Rf1+
64.Ke6 b4 65.Rxd5 b3 66.Rd8+ Kg7 67.Rb8 Rb1 68.Ke7 b2 69.e6 Kg6 70.Rb5 Kg7
71.Rg5+ Kh6 72.Rg2 Kh5 73.Rd2 Kg6 74.Rg2+ Kh7 75.Rf2 Kg7 76.Rg2+  1/2-1/2

[Event "ITT Homenaje Maestros Predecesore"]
[Site "Asuncion PAR"]
[Date "2012.01.16"]
[Round "7.1"]
[White "Vazquez,Guillermo"]
[Black "Latorre,Man"]
[Result "1/2-1/2"]
[WhiteElo "2273"]
[BlackElo "2299"]

1.e4 c5 2.Nf3 d6 3.Bb5+ Bd7 4.Bxd7+ Qxd7 5.O-O Nc6 6.c3 Nf6 7.Qe2 e6 8.d4 cxd4
9.cxd4 d5 10.e5 Ne4 11.Be3 Be7 12.Ne1 f6 13.f3 Ng5 14.Qd2 Nf7 15.f4 Bb4 16.Qe2 Bxe1
17.Rxe1 f5 18.Nd2 Rc8 19.Rac1 O-O 20.Nb3 b6 21.Rc3 Nb8 22.Rec1 Rxc3 23.Rxc3 Rc8
24.Qc2 Rc6 25.a4 Qc7 26.Rxc6 Qxc6 27.Qxc6 Nxc6 28.Bd2 Nfd8 29.Kf2 Nb7 30.h3 Kf7
31.Bc3 Ke8 32.Ke3 Kd7 33.Kd3 Kc7 34.Nd2 a6 35.b4 Kd7 36.Ke3 Ke7 37.Nb3 Kf7
38.Kf3 Kg6 39.Ke3 Kh5 40.Kf3 Kg6 41.Ke3 Ne7 42.Nc1 Kf7 43.Nb3 Ke8 44.Kd3 Kd7
45.Be1 Ng6 46.Ke3 Kc6 47.Bc3 Nh4 48.Kf2 Nd8 49.Kg3 Ng6 50.Kf3 Nh4+ 51.Kg3 Ng6
52.Kf3 Nh4+  1/2-1/2

[Event "5th Gora Swietej Anny"]
[Site "Gora Swietej Anny POL"]
[Date "2012.01.16"]
[Round "6.11"]
[White "Gruca,Z"]
[Black "Nowak,Kamil"]
[Result "1/2-1/2"]
[WhiteElo "1924"]
[BlackElo "1640"]

1.e4 c5 2.Nf3 d6 3.Bb5+ Bd7 4.Bxd7+ Qxd7 5.d4 cxd4 6.Nxd4 Nf6 7.Nc3 g6 8.O-O Bg7
9.f3 O-O 10.Be3 Nc6 11.Nxc6 bxc6 12.Qd2 Qb7 13.Rab1 Rfb8 14.Rfd1 Nd7 15.b3 Qb4
16.Ne2 Qxd2 17.Bxd2 c5 18.c4 a6 19.Ba5 Ne5 20.f4 Nc6 21.Bc3 Rd8 22.Bxg7 Kxg7
23.Kf2 h5 24.Ke3 Rab8 25.Rd2 f6 26.Rbd1 Rf8 27.Nc3 Nd4 28.Nd5 Rb7 29.Nc3 Rbb8
30.Ne2 Nc6 31.g3 Rh8 32.h4 Rbf8 33.Nc3 Rb8 34.Nd5 Rb7 35.Nc3 Rbb8 36.Ne2 Rbf8
37.Rf1 Nb4 38.Nc3 Rf7 39.Rb2 Rb8 40.Rfb1 a5 41.Nb5 Rb7 42.Rd1 Nc6 43.a3 Rf8
44.a4 Nb4 45.Rbd2 Nc6 46.Rd5 Nb4 47.R5d2 Nc6 48.Rg1 Na7 49.Rdg2 f5 50.Rd1 Nc6
51.Rgd2 Re8 52.exf5 gxf5 53.Kf2 Kf6 54.Re2 Rd8 55.Rde1 e5 56.Rd1 Nd4 57.Red2 Ke6
58.Rd3 Kf6 59.R3d2 Rbd7 60.Rd3 Rb7 61.Re3 Re7 62.Nc3 Kf7 63.Nd5 Re6 64.fxe5 Rxe5
65.Rde1 Rde8 66.Rxe5 Rxe5 67.Rb1 Re2+ 68.Kf1 Rh2 69.Re1 Rh1+ 70.Kf2 Rh2+
71.Kf1 Rh1+ 72.Kf2 Rh2+  1/2-1/2

[Event "10th Parsvnath Open"]
[Site "New Delhi IND"]
[Date "2012.01.16"]
[Round "3"]
[White "Bitoon,R"]
[Black "Konguvel,P"]
[Result "1-0"]
[WhiteElo "2515"]
[BlackElo "2344"]

1.e4 c5 2.Nf3 d6 3.Bb5+ Bd7 4.Bxd7+ Qxd7 5.O-O Nf6 6.e5 dxe5 7.Nxe5 Qc8 8.Qf3 e6
9.Nc3 Be7 10.d3 O-O 11.Bf4 Nfd7 12.Nc4 Nc6 13.Rfe1 Nd4 14.Qd1 b5 15.Nd2 Qc6
16.Ne2 Nf5 17.Nf3 Bf6 18.c3 Rad8 19.a4 b4 20.Qc2 Qd5 21.Red1 Ne5 22.Ne1 Ng6
23.Bd2 b3 24.Qc1 c4 25.Be3 Nxe3 26.Qxe3 a6 27.Nf4 Qc6 28.Nxg6 hxg6 29.Qe4 Rc8
30.Qxc4 Qxc4 31.dxc4 Rxc4 32.Kf1 Re8 33.Nf3 Rc7 34.Ra3  1-0

[Event "Queenstown Classic"]
[Site "Queenstown NZL"]
[Date "2012.01.16"]
[Round "2.6"]
[White "Shen,D"]
[Black "Zhao Jun"]
[Result "0-1"]
[WhiteElo "2182"]
[BlackElo "2569"]

1.e4 c5 2.Nf3 d6 3.Bb5+ Nd7 4.d4 cxd4 5.Qxd4 a6 6.Bxd7+ Bxd7 7.c4 Nf6 8.Bg5 Rc8
9.O-O Qc7 10.Nfd2 Ng4 11.h3 h6 12.Bh4 Ne5 13.Na3 g5 14.Bg3 Bg7 15.Qe3 O-O
16.Rab1 b5 17.Qe2 Nxc4 18.Rfc1 Qa5 19.Ndxc4 bxc4 20.Rxc4 Rxc4 21.Qxc4 Be6
22.Qe2 Rb8 23.Nc2 Qxa2  0-1

[Event "10th Parsvnath Open"]
[Site "New Delhi IND"]
[Date "2012.01.18"]
[Round "6"]
[White "Girinath,P"]
[Black "Sekar,B"]
[Result "1-0"]
[WhiteElo "2360"]
[BlackElo "2053"]

1.e4 c5 2.Nf3 d6 3.Bb5+ Nd7 4.d4 a6 5.Bxd7+ Bxd7 6.dxc5 dxc5 7.Nc3 e6 8.Bf4 Ne7
9.Ne5 Ng6 10.Qh5 Nxe5 11.Bxe5 Bc6 12.Rd1 Qa5 13.O-O c4 14.Qg5 h5 15.h4 Qc5
16.Rd2 Qe7 17.Qf4 f6 18.Bd6 Qf7  1-0

[Event "Queenstown Classic"]
[Site "Queenstown NZL"]
[Date "2012.01.18"]
[Round "4.23"]
[White "Lauterbach,I"]
[Black "Gu Xiaobing"]
[Result "1/2-1/2"]
[WhiteElo "2053"]
[BlackElo "2244"]

1.e4 c5 2.Nf3 d6 3.Bb5+ Nc6 4.O-O Bd7 5.Re1 Nf6 6.c3 a6 7.Bf1 Bg4 8.h3 Bh5
9.g4 Bg6 10.d4 cxd4 11.cxd4 e5 12.Nc3 Be7 13.d5 Nb8 14.a4 O-O 15.a5 Nbd7
16.Nd2 Rc8 17.Nc4 h5 18.f3 Ne8 19.b3 Bg5 20.Re2 Bf4 21.Rb2 Qg5 22.Ne2 hxg4
23.hxg4 f5 24.Bxf4 exf4 25.exf5 Rxf5 26.Nc3 Rf8 27.Bd3 Nef6 28.Bxg6 Qxg6
29.Qc2 Qg5 30.Ne4 Nxe4 31.Qxe4 Rce8 32.Qd4 Ne5 33.Rf1 Rf6 34.Rh2 Rh6 35.Rxh6 Qxh6
36.Nxe5 Rxe5 37.Qb4 Qh4 38.Qxb7 Kh7 39.Qxa6 Qg3+ 40.Kh1 Rxd5 41.Qe2 Rxa5
42.Qd3+ g6 43.Qxd6 Ra8 44.Qe7+ Kh6 45.Qf6 Qh3+ 46.Kg1 Qg3+ 47.Kh1 Qh3+ 48.Kg1 Qg3+
49.Kh1  1/2-1/2

[Event "10th Parsvnath Open"]
[Site "New Delhi IND"]
[Date "2012.01.19"]
[Round "7.20"]
[White "Ulibin,M"]
[Black "Hemant,S2"]
[Result "1-0"]
[WhiteElo "2587"]
[BlackElo "2262"]

1.e4 c5 2.Nf3 d6 3.Bb5+ Bd7 4.Bxd7+ Qxd7 5.O-O Nf6 6.e5 dxe5 7.Nxe5 Qd5 8.Re1 e6
9.Nc3 Qd8 10.Qf3 Nbd7 11.Qxb7 Nxe5 12.Rxe5 Bd6 13.Qc6+ Kf8 14.Re2 Ng4 15.h3 Ne5
16.Qa6 Rc8 17.Ne4 Bb8 18.b3 Rc6 19.Qa4 Qc7 20.Ng3 h5 21.d4 Ng6 22.dxc5 h4
23.Nf1 Rh5 24.Be3 Ne7 25.c4 g5 26.Rd1 Nf5 27.Red2 Nxe3 28.fxe3 Rxc5 29.Rd8+ Kg7
30.Qe8 Rf5 31.Qf8+ Kg6 32.Qg8+  1-0

[Event "10th Parsvnath Open"]
[Site "New Delhi IND"]
[Date "2012.01.20"]
[Round "8.37"]
[White "Divyasri,C"]
[Black "Bitan,B"]
[Result "1-0"]
[WhiteElo "2160"]
[BlackElo "2331"]

1.e4 c5 2.Nf3 d6 3.Bb5+ Bd7 4.Bxd7+ Qxd7 5.O-O Nc6 6.c3 Nf6 7.d4 Nxe4 8.d5 Ne5
9.Nxe5 dxe5 10.Re1 Nf6 11.Rxe5 O-O-O 12.c4 e6 13.Nc3 Bd6 14.Re1 exd5 15.Nxd5 Qf5
16.Be3 Kb8 17.Rb1 Rhe8 18.h3 Nxd5 19.cxd5 Re5 20.Qa4 Rxd5 21.b4 Qd7 22.Qa3 Rd3
23.Qa5 Rxe3 24.Rxe3 cxb4 25.Ree1 b6 26.Qg5 f6 27.Qh5 g6 28.Qf3 Be5 29.Rxb4 Qd2
30.Rbb1 Qa5 31.Red1 Rxd1+ 32.Rxd1 Qa4 33.Qb3 Bc7  1-0

[Event "Queenstown Classic"]
[Site "Queenstown NZL"]
[Date "2012.01.20"]
[Round "6.17"]
[White "Smith,Ro"]
[Black "Chen,Pengyu"]
[Result "1-0"]
[WhiteElo "2273"]
[BlackElo "2056"]

1.e4 c5 2.Nf3 d6 3.Bb5+ Bd7 4.Bxd7+ Qxd7 5.c4 Nc6 6.O-O g6 7.d4 cxd4 8.Nxd4 Bg7
9.Be3 Nf6 10.f3 Nxd4 11.Bxd4 O-O 12.Nc3 Rfc8 13.b3 a6 14.Na4 Nh5 15.Bxg7 Nxg7
16.Nb6 Qc6 17.Nxa8 e5 18.Qd5 Rxa8 19.Qxc6 bxc6 20.Rfd1 Rd8 21.Rd2 Ne6 22.Rad1 Nd4
23.Rxd4 exd4 24.Rxd4 Kf8 25.c5 d5 26.exd5 cxd5 27.Kf2 Ke7 28.Ke3 Ke6 29.Ra4 Ra8
30.Kd4  1-0

[Event "Queenstown Classic"]
[Site "Queenstown NZL"]
[Date "2012.01.20"]
[Round "6.24"]
[White "Shen,D"]
[Black "Zelesco,Karl"]
[Result "0-1"]
[WhiteElo "2182"]
[BlackElo "1990"]

1.e4 c5 2.Nf3 d6 3.Bb5+ Nd7 4.d4 cxd4 5.Qxd4 a6 6.Bxd7+ Bxd7 7.c4 Rc8 8.O-O Qc7
9.b3 e5 10.Qd3 b5 11.Na3 Qb7 12.Re1 Nf6 13.Nd2 Be7 14.Nc2 Bc6 15.f3 Nh5 16.Ne3 Nf4
17.Qf1 g6 18.Bb2 O-O 19.g3 Ne6 20.Nd5 Bxd5 21.exd5 Nc5 22.Rad1 f5 23.Qe2 Bf6
24.Ba1 b4 25.g4 Qb6 26.Kh1 Qa5 27.Rg1 fxg4 28.Ne4 gxf3 29.Qxf3 Bg7 30.Qe2 Nxe4
31.Qxe4 Qxa2  0-1

[Event "Queenstown Classic"]
[Site "Queenstown NZL"]
[Date "2012.01.21"]
[Round "7.20"]
[White "Andersson,C"]
[Black "Bischoff,K"]
[Result "0-1"]
[WhiteElo "2123"]
[BlackElo "2537"]

1.e4 c5 2.Nf3 d6 3.Bb5+ Nd7 4.O-O a6 5.Bxd7+ Bxd7 6.d4 cxd4 7.Qxd4 Rc8 8.Nc3 e5
9.Qd3 h6 10.Be3 Nf6 11.Rad1 Be7 12.Nd2 b5 13.a3 O-O 14.h3 Qc7 15.f4 Rfd8
16.Nf3 Be6 17.Rfe1 d5 18.Nxe5 d4 19.Nxb5 axb5 20.Bf2 Qxc2 21.f5 Bb3 22.Qf3 Nxe4
23.Bxd4 Bc4 24.Qe3 Rxd4 25.Rxd4 Qxb2 26.Nf3 Ng5 27.Rd8+ Rxd8 28.Qxe7 Nxf3+
29.gxf3 Rd2  0-1

[Event "Queenstown Classic"]
[Site "Queenstown NZL"]
[Date "2012.01.22"]
[Round "8.48"]
[White "Lovejoy,D"]
[Black "Zhang,William Jie Wen"]
[Result "1-0"]
[WhiteElo "1939"]
[BlackElo "1849"]

1.e4 c5 2.Nf3 d6 3.Bb5+ Bd7 4.Bxd7+ Qxd7 5.O-O Nc6 6.Qe2 g6 7.c3 Bg7 8.Rd1 e5
9.Na3 Nge7 10.d4 Nxd4 11.cxd4 cxd4 12.Qb5 Nc6 13.Bd2 O-O 14.Be1 Bh6 15.Nc4 Rad8
16.Bd2 Bg7 17.Rac1 a6 18.Qb3 b5 19.Nb6 Qb7 20.Nd5 Kh8 21.Rf1 Rc8 22.Qa3 Rcd8
23.Rc2 Rd7 24.Rfc1 Rc8 25.h4 Na7 26.h5 h6 27.Nh4 Kh7 28.Qg3 g5 29.Nf5 Rxc2
30.Rxc2 Nc8 31.Bxg5 Nb6 32.Bf6 Bxf6 33.Nxf6+  1-0

[Event "Queenstown Classic"]
[Site "Queenstown NZL"]
[Date "2012.01.23"]
[Round "9.31"]
[White "Shen,D"]
[Black "Li,William  Xiang Wei"]
[Result "1-0"]
[WhiteElo "2182"]
[BlackElo "1672"]

1.e4 c5 2.Nf3 d6 3.Bb5+ Bd7 4.Bxd7+ Nxd7 5.O-O Ngf6 6.Qe2 g6 7.c3 Bg7 8.d4 cxd4
9.cxd4 O-O 10.Nc3 e6 11.Bf4 d5 12.e5 Ne8 13.Bg5 Qc7 14.Rac1 Nb6 15.Nxd5 Qd7
16.Nxb6 axb6 17.a3 Nc7 18.Qe4 Nd5 19.Qh4 Rfc8 20.Bh6 Rxc1 21.Rxc1 Rc8 22.Qg5 Rc7
23.Bxg7 Kxg7 24.g3 Qc8 25.Rxc7 Qxc7 26.Qd2 Qc4 27.Ng5 Ne7 28.Qc3 Qd5 29.Qf3 Qxf3
30.Nxf3 h6 31.Kf1 Kf8 32.Ke2 Ke8 33.Kd3 Kd7 34.Kc4 Kc6 35.a4 Nc8 36.Ne1 Na7
37.Nd3 b5+ 38.axb5+ Nxb5 39.Nb4+  1-0

[Event "Gibraltar Open"]
[Site "Caleta ENG"]
[Date "2012.01.24"]
[Round "1.108"]
[White "Conflitti,A"]
[Black "Eriksen,M"]
[Result "1-0"]
[WhiteElo "1792"]
[BlackElo "2076"]

1.e4 c5 2.Nf3 d6 3.Bb5+ Bd7 4.a4 Nc6 5.O-O Nf6 6.Re1 e6 7.c3 a6 8.Bf1 e5
9.h3 Be7 10.d4 O-O 11.d5 Nb8 12.Nxe5 dxe5 13.d6 Bc6 14.dxe7 Qxe7 15.Bg5 Nbd7
16.Nd2 Rfd8 17.Qb3 h6 18.Bh4 Nf8 19.Nc4 Ng6 20.Bxf6 Qxf6 21.Nb6 Rab8 22.Nd5 Qg5
23.Rad1 Bxd5 24.exd5 Qf6 25.c4 Rd7 26.Qg3 Re8 27.Bd3 Nf4 28.Qg4 Rd6 29.g3 Nxd3
30.Rxd3 g6 31.Rde3 Kg7 32.Qe2 Rb6 33.Rf1 e4 34.Rxe4 Rxe4 35.Qxe4 Rxb2 36.Qe3 b6
37.Rd1 Kh7 38.d6 Qd8 39.Qe7 Qa8 40.Qxf7+ Kh8 41.Qf6+ Kh7 42.Qxb2  1-0

[Event "Gibraltar Open"]
[Site "Caleta ENG"]
[Date "2012.01.25"]
[Round "2.36"]
[White "Urbina Perez,J"]
[Black "Huschenbeth,N"]
[Result "0-1"]
[WhiteElo "2210"]
[BlackElo "2518"]

1.e4 c5 2.Nf3 d6 3.Bb5+ Nd7 4.d4 cxd4 5.Qxd4 a6 6.Bxd7+ Bxd7 7.Nc3 Rc8 8.O-O e5
9.Qd3 h6 10.Be3 Nf6 11.a4 Be7 12.a5 Be6 13.Rfd1 O-O 14.Nd2 Qd7 15.Nf1 d5
16.exd5 Bf5 17.Qe2 Bb4 18.Ng3 Bg6 19.Bb6 Bxc3 20.bxc3 Rxc3 21.Qxe5 Rxc2 22.d6 Re8
23.Qd4 Ne4 24.Re1 Rd2 25.Qe3 Rxd6 26.Nxe4 Rxe4 27.Qb3 Rd3 28.Qb2 Rd2 29.Qc3 Rd3
30.Qc1 Qg4 31.Re3 Rexe3 32.Bxe3 Be4 33.Qf1 Qg6 34.Rc1 Bc6 35.Ra1 Qe4 36.Bb6 Rd2
37.f3 Qc2 38.Rc1 Rxg2+ 39.Qxg2 Qxc1+ 40.Kf2 Qd2+ 41.Kg3 Qd3 42.Kf2 f5 43.Qg3 Qd2+
44.Kf1 Bb5+ 45.Kg1 Qd1+  0-1

[Event "ch-Belgrade 2012"]
[Site "Belgrade SRB"]
[Date "2012.01.26"]
[Round "5.8"]
[White "Stamatovic,A"]
[Black "Nenezic,M"]
[Result "0-1"]
[WhiteElo "2207"]
[BlackElo "2356"]

1.e4 c5 2.Nf3 d6 3.Bb5+ Bd7 4.Bxd7+ Qxd7 5.O-O Nf6 6.e5 dxe5 7.Nxe5 Qd6 8.Re1 Nc6
9.Nc4 Qd8 10.Nc3 e6 11.d3 Be7 12.Bf4 O-O 13.Ne5 Nd4 14.Nf3 Qb6 15.b3 Rac8
16.a4 Qd8 17.Ne5 Nd5 18.Nxd5 Qxd5 19.Rb1 b6 20.h3 Qb7 21.Nc4 Rfd8 22.Be5 Bf8
23.Re4 Rd7 24.Qd2 Qd5 25.Rbe1 Re8 26.Rg4 Kh8 27.Bxd4 cxd4 28.Re5 Qb7 29.f4 g6
30.f5 gxf5 31.Rh4 f6 32.Re2 e5 33.Re1 Rg7 34.Rh5 f4 35.Rf5 Be7 36.Rxf4 exf4
37.Nd6 Qd7 38.Re6 Reg8  0-1

[Event "Gibraltar Open"]
[Site "Caleta ENG"]
[Date "2012.01.26"]
[Round "3.13"]
[White "Dvirnyy,D"]
[Black "Vachier Lagrave,M"]
[Result "1/2-1/2"]
[WhiteElo "2492"]
[BlackElo "2699"]

1.e4 c5 2.Nf3 d6 3.Bb5+ Nc6 4.O-O Bd7 5.c3 Nf6 6.Re1 a6 7.Bf1 Bg4 8.h3 Bxf3
9.Qxf3 g6 10.d3 Bg7 11.Be3 O-O 12.Nd2 Nd7 13.Qd1 b5 14.a3 Nb6 15.g3 Rc8 16.f4 e6
17.Bf2 Re8 18.Nf3 d5 19.e5 f6 20.d4 c4 21.exf6 Qxf6 22.h4 Rc7 23.Bh3 Nc8
24.Re2 Nd6 25.Qc2 Nf5 26.Rae1 Ree7 27.Kg2 h5 28.Ng5 Bh6 29.Nf3 Bg7 30.Ng5 Bh6  1/2-1/2

[Event "15th Metropolitan IM"]
[Site "Los Angeles USA"]
[Date "2012.01.26"]
[Round "2"]
[White "Sevillano,E"]
[Black "Matikozian,A"]
[Result "1/2-1/2"]
[WhiteElo "2490"]
[BlackElo "2414"]

1.e4 c5 2.Nf3 d6 3.Bb5+ Bd7 4.Bxd7+ Qxd7 5.O-O Nf6 6.Nc3 e6 7.d4 cxd4 8.Nxd4 Be7
9.Bg5 O-O 10.Qd2 Nc6 11.Rad1 a6 12.Rfe1 b5 13.Nxc6 Qxc6 14.Bxf6 Bxf6 15.Qxd6 Qxd6
16.Rxd6 Bxc3 17.bxc3 Rfc8 18.Re3 Rc4 19.Red3 g6 20.R6d4 Rac8 21.Rxc4  1/2-1/2

[Event "Gibraltar Open"]
[Site "Caleta ENG"]
[Date "2012.01.27"]
[Round "4.8"]
[White "Muzychuk,A"]
[Black "Sasikiran,K"]
[Result "0-1"]
[WhiteElo "2580"]
[BlackElo "2700"]

1.e4 c5 2.Nf3 d6 3.Bb5+ Nc6 4.O-O Bd7 5.Re1 Nf6 6.c3 a6 7.Ba4 b5 8.Bc2 e5
9.h3 Be7 10.d4 O-O 11.d5 Na5 12.Nxe5 dxe5 13.d6 Be6 14.dxe7 Qxe7 15.Qf3 Rfd8
16.Nd2 c4 17.Nf1 Nb7 18.Bg5 h6 19.Bh4 Rd6 20.Qg3 Bd7 21.f4 Re6 22.f5 Qc5+
23.Ne3 Rd6 24.Kh2 Re8 25.Bxf6 Rxf6 26.Rad1 Rd6 27.f6 g6 28.Nf5 Bxf5 29.exf5 Rxf6
30.fxg6 Nd6 31.gxf7+ Kxf7 32.Rf1 Rxf1 33.Rxf1+ Ke7 34.Bg6 Rg8 35.Qh4+ Kd7
36.Qxh6 Qd5 37.Rf2 e4 38.Bf5+ Nxf5 39.Qf4 Nd6 40.Rd2 Qe6  0-1

[Event "74th Tata Steel GMA"]
[Site "Wijk aan Zee NED"]
[Date "2012.01.27"]
[Round "11"]
[White "Carlsen,M"]
[Black "Topalov,V"]
[Result "1-0"]
[WhiteElo "2835"]
[BlackElo "2770"]

1.e4 c5 2.Nf3 d6 3.Bb5+ Nd7 4.c3 Nf6 5.Qe2 a6 6.Ba4 Qc7 7.O-O e5 8.d4 b5
9.Bc2 cxd4 10.cxd4 Be7 11.Nc3 O-O 12.Bg5 h6 13.Bh4 Bb7 14.Rad1 Rac8 15.Bb3 Rfe8
16.dxe5 dxe5 17.Bg3 Bf8 18.h3 Nb6 19.Nh4 Nc4 20.Nf5 Nxb2 21.Bh4 Nxd1 22.Bxf6 Nxc3
23.Qg4 Bxe4 24.Nxh6+ Kh7 25.Bxf7 Qxf7 26.Nxf7 gxf6 27.f4 Bg6 28.Qh4+ Kg7
29.fxe5 Ne4 30.Rxf6 Bc5+ 31.Kh2 Nxf6 32.Qxf6+ Kh7 33.Ng5+ Kh6 34.Ne6 Rxe6
35.Qxe6 Re8 36.Qf6 Be7 37.Qxa6 b4 38.Qc4 Bf8 39.g4 Kh7 40.e6 Bd6+ 41.Kg2 Be7
42.Qc7 Kg8 43.Kg3 Kf8 44.Qf4+ Kg7 45.Qd4+ Kg8 46.h4 Rd8 47.Qc4 Bd3 48.Qc6 Bb1
49.h5 Bxa2 50.Qe4 Kh8 51.h6 Bf6 52.e7 Re8 53.Qf4 Bg7 54.hxg7+ Kxg7 55.g5 Kg8
56.Qf6  1-0